000 01334cad a22002175a 4500
001 L144549
008 080728s2008 xxkad f s 000 0 eng d
035 _a(Sirsi) u144549
041 _aeng
050 0 4 _a333.33 $2 18
110 2 _aColliers CRE
_95075
245 0 0 _aReal estate investment forecasts
_bsecond Quarter 2008
_h[electronic resource]
260 _aLondon
_bColliers CRE
_c2008
490 0 _aReal Estate Investment Forecasts
_vSecond Quarter 2008
520 _aAn all property return of -9.0% is forecast for year-end 2008, with a slight recovery to 4.4% in 2009. Total capital falls for 2008 are expected to reach just under 15%. Finds the commercial property market continues to be constrained by a poor commercial lending environment: inter-bank lending remains disrupted; the securitisation market remains closed; uncertainty over the future path of base rates continues; investment transactions remain very limited across all sectors. Predicts that the industrial sector will be the poorest performer in 2008, with capital falls reaching almost 25% since the downturn in July 2007.
590 _aKA
651 4 _aUnited Kingdom
_y
690 _aPROPERTY-COMMERCIAL PROPERTY-COMMERCIAL PROPERTY MARKET
856 4 0 _uhttps://www.colliers.com/
_zView the report free of charge at www.colliers.com...
942 _n0
999 _c108539
_d108539